000 03432cam a22011894i 4500
003 PE-LiUPU
005 20250813185551.0
008 150706s r 000 0 d
020 _a8496426084
035 _a(Sirsi) i9788496426085
040 _aPE-LiUPU
_bspa
_cPE-LiUPU
_erda
049 _aPRUA
082 0 4 _a395
_bR34
_221
100 1 _aRedmond, Moria,
_eautor.
245 1 0 _aEtiqueta y buenos modales :
_bla nueva cortesía empresarial y social /
_cMoira Redmond.
264 1 _aBarcelona :
_bGestión 2000,
_c2003.
300 _a188 páginas :
_bilustraciones ;
_c23 centímetros
336 _atext
_2rdacontent
337 _aunmediated
_2rdamedia
338 _avolume
_2rdacarrier
505 0 _aVida social -- Buenos modales básicos -- Ocasiones sociales informales -- Comidas formales -- Funciones formales -- Vida social -- Buenos modales básicos -- Ocasiones sociales informales -- Comidas formales -- Funciones formales -- Organizar cenas -- Asistir a cenas -- Organizar y asistir a reuniones informales -- La vida diaria -- Cómo llevarse bien con las personas que se convive -- El trabajo -- Seguridad personal y privacidad -- Malas noticias -- Muerte -- Divorcio -- Desempleo y problemas económicos -- Comunicaciones y clase -- Nombres -- Sobres y cartas -- El teléfono -- Presentaciones y conocer personas -- Conversaciones -- Cuestión de clases.
526 _aP202
526 _aP201
526 _aP163
526 _aP162
526 _aP161
526 _aP160
526 _aP148
526 _aP147
526 _aP146
526 _aP145
526 _aP144
526 _aP143
526 _aP142
526 _aP141
526 _aP140
526 _aP139
526 _aP138
526 _aP137
526 _aP136
526 _aP135
526 _aP134
526 _aP133
526 _aP129
526 _aP128
526 _aP127
526 _aP120
526 _aP119
526 _aP118
526 _aP116
526 _aP115
526 _aP114
526 _aP110
526 _aP109
526 _aP108
526 _aP104
526 _aP103
526 _aP102
526 _aP99
526 _aP98
526 _aP97
526 _aP96
526 _aP95
526 _aP93
526 _aP90
526 _aP89
526 _aP88
526 _aP83
526 _aP82
526 _aP62
526 _aP59
526 _aP58
526 _aP57
526 _aP51
526 _aP49
526 _aP48
526 _aP47
526 _aP29
526 _aP24
526 _aP20
526 _aP19
526 _aP17
526 _aP15
526 _aP14
526 _aP12
526 _aP10
526 _aP09
526 _aP08
526 _aP07
526 _aP06
526 _aP05
526 _aP04
526 _aP01
541 _g015-0011205;
650 0 4 _aEtiqueta.
_9273
910 _agl
_bjv
_clch
_d20100303
942 _2ddc
_cBOOK
949 _a395 R34
_wDEWEY
_c1
_i61226
_d2015-10-29
_e2015-10-29
_lCCODEBUL1
_mBUL
_n2
_p35.00
_r0
_sY
_tBOOK
_u2015-7-6
_xFCE
_zAGB
_o.STAFF. Colección General
994 _aC0
_bPEPRU
596 _a1
999 _a395 R34
_wDEWEY
_c50491
_i61226
_d50491
_e2018-4-16
_f2021-11-5
_g6
_lCCODEBUL1
_mBUL
_n3
_p35.00
_q1
_r0
_sY
_tBOOK
_u2015-7-6
_xBIBLIOTECA
_zAGB
_o.STAFF. Colección General
980 _81
_gALBERTO SANCHEZ Responsable de Automatización